<?xml version="1.0" encoding="UTF-8"?>
<record
    xmlns:xsi="http://www.w3.org/2001/XMLSchema-instance"
    xsi:schemaLocation="http://www.loc.gov/MARC21/slim http://www.loc.gov/standards/marcxml/schema/MARC21slim.xsd"
    xmlns="http://www.loc.gov/MARC21/slim">

  <leader>00570nam a22001817a 4500</leader>
  <datafield tag="999" ind1=" " ind2=" ">
    <subfield code="c">525414</subfield>
    <subfield code="d">525414</subfield>
  </datafield>
  <controlfield tag="003">NUST</controlfield>
  <controlfield tag="005">20190702054605.0</controlfield>
  <datafield tag="038" ind1=" " ind2=" ">
    <subfield code="a">Faiza</subfield>
  </datafield>
  <datafield tag="082" ind1=" " ind2=" ">
    <subfield code="a">320.9547</subfield>
    <subfield code="b">ABD</subfield>
  </datafield>
  <datafield tag="100" ind1=" " ind2=" ">
    <subfield code="a">Abdul Rasheed</subfield>
    <subfield code="9">16280</subfield>
  </datafield>
  <datafield tag="245" ind1=" " ind2=" ">
    <subfield code="a">Riasat wa hakumat :</subfield>
    <subfield code="b"> Allama Iqbal aur Asri Masail /</subfield>
    <subfield code="c">Abdul Rasheed.</subfield>
  </datafield>
  <datafield tag="260" ind1=" " ind2=" ">
    <subfield code="a">Gujrat :</subfield>
    <subfield code="b">University of Gujrat,</subfield>
    <subfield code="c">2013.</subfield>
  </datafield>
  <datafield tag="300" ind1=" " ind2=" ">
    <subfield code="a">ill, 274 p. :</subfield>
    <subfield code="c">20 cm.</subfield>
  </datafield>
  <datafield tag="500" ind1=" " ind2=" ">
    <subfield code="a">Hardback.</subfield>
  </datafield>
  <datafield tag="880" ind1=" " ind2=" ">
    <subfield code="6">100-01\r</subfield>
    <subfield code="a">,&#x639;&#x628;&#x62F;&#x627;&#x644;&#x631;&#x634;&#x6CC;&#x62F;</subfield>
  </datafield>
  <datafield tag="880" ind1=" " ind2=" ">
    <subfield code="6">245-02\r</subfield>
    <subfield code="a">/ &#x631;&#x6CC;&#x627;&#x633;&#x62A; &#x648; &#x62D;&#x6A9;&#x648;&#x645;&#x62A; : &#x639;&#x644;&#x627;&#x645;&#x6C1; &#x627;&#x642;&#x628;&#x627;&#x644; &#x627;&#x648;&#x631; &#x639;&#x635;&#x631;&#x6CC; &#x645;&#x633;&#x627;&#x626;&#x644;</subfield>
  </datafield>
  <datafield tag="942" ind1=" " ind2=" ">
    <subfield code="2">ddc</subfield>
    <subfield code="c">BK</subfield>
  </datafield>
  <datafield tag="952" ind1=" " ind2=" ">
    <subfield code="0">0</subfield>
    <subfield code="1">0</subfield>
    <subfield code="2">ddc</subfield>
    <subfield code="4">0</subfield>
    <subfield code="7">0</subfield>
    <subfield code="a">CL</subfield>
    <subfield code="b">CL</subfield>
    <subfield code="d">2019-07-02</subfield>
    <subfield code="l">0</subfield>
    <subfield code="o">320.9547 ABD</subfield>
    <subfield code="p">CL-E-1199</subfield>
    <subfield code="r">2019-07-02</subfield>
    <subfield code="w">2019-07-02</subfield>
    <subfield code="y">BK</subfield>
  </datafield>
</record>
